|
|
|
|
| LEADER |
00692nam a2200169 a 4500 |
| 008 |
090715s2006 bg 000 0 eng d |
| 020 |
|
|
|a 9840802054
|
| 082 |
0 |
0 |
|a 821.914
|2 20
|
| 100 |
1 |
|
|a Maudud,Hasna Jasimuddin.
|
| 245 |
1 |
0 |
|a Forest in Cloud /
|c Hasna Jasimuddin Maudud.
|
| 260 |
|
|
|a Dhaka :
|b Academic Press and publishers Library,
|c 2006.
|
| 300 |
|
|
|a 82 p. ;
|c 22 cm.
|
| 541 |
1 |
|
|e 00014869
|
| 650 |
|
0 |
|a Bengali poetry
|x Translations into English.
|
| 852 |
4 |
|
|a Ayesha Abed Library
|j General shelf
|
| 999 |
|
|
|c 2475
|d 2475
|
| 952 |
|
|
|0 0
|1 0
|2 ddc
|4 0
|6 821_914000000000000_FOR_2006
|7 0
|9 2291
|a BRACUL
|b BRACUL
|c GEN
|d 2009-07-16
|g 300.00
|l 2
|m 5
|o 821.914 FOR
|p 3010014869
|r 2011-03-10
|s 2011-02-15
|t 1
|v 600.00
|w 2009-07-16
|y BK
|